00359nam a2200157Ia 4500003000400000005001700004006001800021007000300039008004100042037001700083040001800100041001300118082002700131245003400158260000900192OSt20220926044426.0a|||||r|||| 00| 0ta220923b |||||||| |||| 00| 0 eng d cGeneral Book aRTLcRTLbeng 2engaeng aSigma.56124sN58, J8.95 0aAnnual abstract of statistics c1958